000 00644nam a2200193Ia 4500
008 151121s9999||||xx |||||||||||||| ||und||
082 _a811/इर्लेक
082 _bHNW-115415
100 _aइर्लेकर सुहासिनी
245 _aचित्रांगण
260 _b"पद्मगंधा प्रकाशन, पुणे।"
260 _c2014
300 _a79
600 _aइर्लेकर सुहासिनी
630 _aचित्रांगण
700 _aइर्लेकर सुहासिनी
730 _aचित्रांगण
942 _cBOOK
999 _c1264144
_d1264141